Geography Quiz

Random Geography or World Quiz

World Cities Hangman Quiz Stats

 Plays Quiz Updated Nov 7, 2016

Challenge
Share
Tweet
Embed
Score 0/108 Timer 04:00
0 Plays Today
World City % Correct
A5???
97.9%
I5???
92.1%
S5???
91.8%
R5???
91.4%
P5???
90.5%
*5 LETTER*???
89.4%
X5???
88.6%
Z5???
88.2%
V5???
87.8%
Q5???
87.5%
A6???
86.9%
W5???
86.6%
Y5???
86.4%
J5???
85.8%
K5???
84.8%
F5???
84.2%
G5???
83.3%
H5???
82.9%
E7???
82%
U5???
80.7%
D5???
79.6%
I7???
79.2%
B5???
78.5%
U6???
78.3%
N6???
78.2%
N7???
77.8%
R6???
77.7%
C5???
77.4%
M5???
77.1%
A8???
76.8%
L5???
76.4%
B6???
76.1%
B7???
75.8%
D6???
75.3%
G7???
74.2%
E8???
73.9%
World City % Correct
N5???
73.5%
J7???
72.7%
T5???
72.1%
O5???
72.1%
*7 LETTER*???
71.7%
O8???
70.4%
X7???
69.9%
T8???
69.6%
Q7???
69.4%
Z7???
69%
*6 LETTER*???
68.7%
R8???
68.7%
N8???
68.3%
V7???
66.8%
L8???
66.6%
M8???
66.5%
X6???
66.2%
Z6???
64.9%
K7???
64.1%
W7???
63.8%
Q6???
63.6%
Y7???
63.4%
V6???
63%
*8 LETTER*???
62.9%
F7???
62.8%
H7???
61.4%
J6???
60.9%
X8???
60.7%
Z8???
60.3%
Q8???
60.1%
V8???
59.2%
W6???
58.3%
K6???
58%
Y6???
57.9%
P7???
57.8%
W8???
57.7%
World City % Correct
E5???
57.3%
F6???
56.8%
Y8???
56.2%
J8???
56.1%
K8???
55%
C7???
54.6%
P8???
54.1%
F8???
54%
H6???
53.2%
D7???
53.2%
G6???
52.9%
H8???
51.8%
G8???
51.8%
P6???
51.4%
U7???
51.2%
M7???
51%
B8???
48.7%
L7???
48.3%
C8???
47.8%
D8???
46.9%
C6???
44.6%
R7???
41.6%
O7???
41.1%
U8???
39.8%
T7???
38.9%
M6???
38.4%
S7???
37.6%
L6???
37.1%
S8???
29.3%
S6???
28.1%
T6???
28%
I8???
24.9%
O6???
22.4%
I6???
21%
A7???
18.1%
E6???
17.5%

You're not logged in!

Compare scores with friends on all Sporcle quizzes.
Join for Free
OR
Log In

You Might Also Like...

Show Comments

Extras

Top Quizzes Today


Score Distribution

Your Account Isn't Verified!

In order to create a playlist on Sporcle, you need to verify the email address you used during registration. Go to your Sporcle Settings to finish the process.

Report this User

Report this user for behavior that violates our Community Guidelines.

Details: